Il nuovo diritto costituzionale italiano
محفوظ في:
| المؤلف الرئيسي: | |
|---|---|
| التنسيق: | كتاب |
| اللغة: | الإيطالية |
| منشور في: |
Roma
Organizzazione Editoriale Tipografica
1948
|
| الموضوعات: | |
| الوسوم: |
إضافة وسم
لا توجد وسوم, كن أول من يضع وسما على هذه التسجيلة!
|
MARC
| LEADER | 00000nam a2200000 a 4500 | ||
|---|---|---|---|
| 001 | UCT9757 | ||
| 003 | CL-VaPUC | ||
| 008 | 970411e19480000IT |||||||||||||||||ita|d | ||
| 082 | 0 | 4 | |a 342.45 |b SAN |2 21 |
| 100 | 0 | |a Santoni Rugiu, Mario |e author |9 382734 | |
| 245 | 1 | 3 | |a Il nuovo diritto costituzionale italiano |
| 300 | |a 249 p | ||
| 942 | |c BK | ||
| 945 | |d 19970411 00:00:00 |a paguirre | ||
| 260 | |a Roma |b Organizzazione Editoriale Tipografica |c 1948 | ||
| 650 | 0 | |a Constituciones |9 255417 | |
| 650 | 0 | |a Derecho constitucional |9 222588 | |
| 650 | 0 | |a Gobierno |9 255508 | |
| 650 | 0 | |a Estado |9 255503 | |
| 650 | 0 | |a Ordenamiento jurídico |9 355371 | |
| 650 | 0 | |a Poder legislativo |9 258808 | |
| 650 | 0 | |a Poder ejecutivo |9 255177 | |
| 650 | 0 | |a Poder judicial |9 254871 | |
| 650 | 0 | |a Ciudadanía |9 258339 | |
| 651 | 0 | |a Italia |9 254949 | |
| 583 | |a last modification |c 19970411 00:00:00 |k Rodrigo Vera | ||
| 999 | |c 258136 |d 258134 | ||
| 952 | |0 0 |1 0 |4 0 |6 342_450000000000000_SAN_1948 |7 0 |8 A |9 281971 |a BIBDER |b BIBDER |d 2019-11-19 |i 1829718 |o 342.45 SAN 1948 |p 1829718 |r 2023-01-25 |w 2019-11-19 |y BK |k DER | ||